000
00230nam a2200097Ia 4500
005
20251222114410.0
008
251222s1900||||xx |||||||||||||| ||spa||
082
_a
DVD0040/M26/2006
245
0
_a
Rescate en La Antártida:
942
_c
DVD
999
_c
1985
_d
1985